Mạng truyền thông công nghiệp

Sách cung cấp khái niệm mạng truyền thông công nghiệp, đặc trưng hệ thống mạng công nghiệp, cơ sở kỹ thuật, các thành phần hệ thống mạng, hệ thống bus tiêu biểu. Một số vấn đề trong tích hợp hệ thống...

Descripció completa

Guardat en:
Dades bibliogràfiques
Autor principal: Hoàng, Minh Sơn
Format: Llibre
Idioma:Undetermined
Publicat: Hà Nội Khoa học và Kỹ thuật 2004
Matèries:
Etiquetes: Afegir etiqueta
Sense etiquetes, Sigues el primer a etiquetar aquest registre!
Thư viện lưu trữ: Trung tâm Học liệu Trường Đại học Cần Thơ
LEADER 00919nam a2200205Ia 4500
001 CTU_102433
008 210402s9999 xx 000 0 und d
020 |c 28500 
082 |a 621.3821 
082 |b S464 
100 |a Hoàng, Minh Sơn 
245 0 |a Mạng truyền thông công nghiệp 
245 0 |c Hoàng Minh Sơn 
260 |a Hà Nội 
260 |b Khoa học và Kỹ thuật 
260 |c 2004 
520 |a Sách cung cấp khái niệm mạng truyền thông công nghiệp, đặc trưng hệ thống mạng công nghiệp, cơ sở kỹ thuật, các thành phần hệ thống mạng, hệ thống bus tiêu biểu. Một số vấn đề trong tích hợp hệ thống 
650 |a Computer networks,Telecommunication systems 
904 |i Hiếu, Huỳnh Mai 
980 |a Trung tâm Học liệu Trường Đại học Cần Thơ